000 00626nam a2200229 i 4500
001 bgj
245 1 0 _aBeiträge zur deutschen-polnischen Germanistik 1999/2000
_chrsg. von Peter König, Michael Klees und Frank Michael Schuster.
260 _aFernwald :
_bLitblockin,
_c2000.
300 _a166 s. ;
_c21 cm.
504 _aBibliogr.
650 9 _aLiteratura
700 1 _aKÖNIG, Peter.
700 1 _aKLEES, Michael.
700 1 _aSCHUSTER, Frank Michael.
020 _a393228948X
040 _cBPK
041 0 _ager
044 _aDEU
080 _a82
942 _cKS
008 s gw f |000 0 ger
999 _c49924
_d49924
856 _uhttp://koha.tu.koszalin.pl/cgi-bin/koha/opac-detail.pl?biblionumber=49924
_yKatalog online BPK